00460nam a22001697a 450000500170000001000150001702000260003203500130005803700130007110000230008424500500010726000350015727000430019230000210023594200170025699900170027320140609153219.0 aENG-110110 a9789350481820c150.00 aEN-93643 bDBAD/PUB aBorgohain, Pallavi aOne word substitution /cby Pallavi Borgohain aNew DelhibPrabhat Booksc2012 a4/19 Asaf Ali Road bNew Delhie110002 a120p. c22cm(Hb) 2ddccENmBOR c84970d84970